Management : a global perspective

Αποθηκεύτηκε σε:
Λεπτομέρειες βιβλιογραφικής εγγραφής
Κύριος συγγραφέας: Weihrich, Heinz
Άλλοι συγγραφείς: Koontz, Harold, 1908-
Μορφή: Βιβλίο
Γλώσσα:English
Δημοσίευση: New York : McGraw-Hill, c1993
Έκδοση:10th ed.
Σειρά:McGraw-Hill series in management
Θέματα:
Ετικέτες: Προσθήκη ετικέτας
Δεν υπάρχουν, Καταχωρήστε ετικέτα πρώτοι!

MARC

LEADER 00000cam a2200000 i 4500
001 1/59497
008 020313s1993 eng d
020 |a 0-07-113772-6 
035 |l 10000511 
040 |a GR-MY-UA  |b gre  |e aacr 
041 0 |a eng 
082 0 |a 658 
100 1 |a Weihrich, Heinz. 
245 1 0 |a Management :  |b a global perspective /  |c Heinz Weihrich, Harold Koontz 
250 |a 10th ed. 
260 |a New York :   |b McGraw-Hill,   |c c1993 
300 |a xxxvi, 744 p. 
490 1 |a McGraw-Hill series in management 
504 |a Includes bibliographical references and indexes 
650 0 0 |a Management. 
650 0 0 |a Industrial management. 
700 1 |a Koontz, Harold,   |d 1908- 
830 0 |a McGraw-Hill series in management 
852 |a INST  |b CHIOS  |e 20020313  |h 658 WEI  |p 005200019890  |q 005200019890  |t BK  |y 0 
852 |a INST  |b CHIOS  |e 20020313  |h 658 WEI  |p 005200019891  |q 005200019891  |t BK  |y 0 
852 |a INST  |b CHIOS  |e 20020313  |h 658 WEI  |p 005200019894  |q 005200019894  |t BK  |y 0 
901 |a BIBL2-2002-1 
909 |a Χ  |b 099852 
909 |a Χ  |b 099853 
909 |a Χ  |b 099854 
970 |a ΣΠΕΝΤΖΑ  |b ΕΛΕΝΗ  |z 2002/03/13